[Event "Florianopolis op 8th"]
[Site "Florianopolis"]
[Date "2022.01.29"]
[Round "9"]
[White "Bittencourt, Jorge Humberto M"]
[Black "Librelato, Kathie Goulart"]
[Result "1-0"]
[WhiteElo "2408"]
[BlackElo "2175"]
[PlyCount "119"]
[EventDate "2022.01.24"]
[EventType "swiss"]
[EventRounds "10"]
[EventCountry "BRA"]
[SourceTitle "EXT 2023"]
[Source "ChessBase"]
[SourceDate "2022.10.05"]
[SourceVersion "1"]
[SourceVersionDate "2022.10.05"]
[SourceQuality "1"]

1. d4 Nf6 2. c4 e6 3. Nf3 Bb4+ 4. Bd2 Qe7 5. e3 Bxd2+ 6. Qxd2 d6 7. Bd3 e5 8. Bc2 0-0 9. Nc3 Nfd7 10. 0-0 a5 11. b3 Nc6 12. Nd5 Qd8 13. Qc3 exd4 14. Nxd4 Nxd4 15. Qxd4 Nc5 16. a3 Ne6 17. Qd3 g6 18. Rad1 Bd7 19. Rfe1 f5 20. f4 Kf7 21. e4 Nc5 22. Qh3 Kg8 23. exf5 Rf7 24. Qg3 Bxf5 25. Bxf5 Rxf5 26. Ne7+ Kf7 27. Nxf5 gxf5 28. Qh3 Kg6 29. Rd5 Qf6 30. g4 h6 31. Rxf5 Qd4+ 32. Qe3 Nxb3 33. Rd5 Qxe3+ 34. Rxe3 Nc5 35. Kg2 Ra6 36. Re7 Rc6 37. h4 Kf6 38. Re3 Rb6 39. g5+ hxg5 40. hxg5+ Kg6 41. Re7 Rb3 42. Rxc7 Ne4 43. Re7 Rb2+ 44. Kf3 Rf2+ 45. Kxe4 Re2+ 46. Kf3 Rxe7 47. Rxd6+ Kg7 48. Rb6 Rc7 49. Kg4 Rxc4 50. Rxb7+ Kg6 51. Rb6+ Kf7 52. Ra6 Ra4 53. Kf5 Rxa3 54. Ra7+ Ke8 55. Kg6 a4 56. f5 Rb3 57. Rxa4 Rb6+ 58. f6 Rb8 59. Re4+ Kf8 60. Rh4 1-0

[Event "Florianopolis op 8th"]
[Site "Florianopolis"]
[Date "2022.01.25"]
[Round "2"]
[White "Soares, Reynaldo Magalhaes"]
[Black "Bittencourt, Jorge Humberto M"]
[Result "1/2-1/2"]
[WhiteElo "1922"]
[BlackElo "2408"]
[PlyCount "59"]
[EventDate "2022.01.24"]
[EventType "swiss"]
[EventRounds "10"]
[EventCountry "BRA"]
[SourceTitle "CBM 206 Extra"]
[Source "ChessBase"]
[SourceDate "2022.03.31"]
[SourceVersion "1"]
[SourceVersionDate "2022.03.31"]
[SourceQuality "1"]

1. d4 Nf6 2. c4 e6 3. Nf3 d5 4. Nc3 dxc4 5. e3 a6 6. a4 c5 7. Bxc4 Nc6 8. 0-0 Be7 9. Qe2 cxd4 10. Rd1 e5 11. exd4 exd4 12. Nxd4 Nxd4 13. Qe5 Qd6 14. Qxd6 Bxd6 15. Rxd4 Bc5 16. Rd1 0-0 17. Bg5 Be6 18. Bxe6 fxe6 19. Bxf6 gxf6 20. Rd7 Rf7 21. Rad1 Raf8 22. Ne4 Bb4 23. R1d4 Rxd7 24. Rxd7 Rf7 25. Rd4 a5 26. Kf1 f5 27. Ng5 Re7 28. Ke2 h6 29. Nf3 Rc7 30. Rd1 1/2-1/2

[Event "BRA-ch 87th"]
[Site "Cuiaba"]
[Date "2021.11.04"]
[Round "11"]
[White "Barbosa, Evandro Amorim"]
[Black "Bittencourt, Jorge Humberto M"]
[Result "1/2-1/2"]
[WhiteElo "2509"]
[BlackElo "2414"]
[PlyCount "46"]
[EventDate "2021.10.28"]
[EventType "swiss"]
[EventRounds "11"]
[EventCountry "BRA"]
[SourceTitle "CBM 205 Extra"]
[Source "ChessBase"]
[SourceDate "2022.01.31"]
[SourceVersion "1"]
[SourceVersionDate "2022.01.31"]
[SourceQuality "1"]

1. e4 e5 2. Nf3 Nc6 3. Bb5 a6 4. Ba4 Nf6 5. 0-0 b5 6. Bb3 Bc5 7. a4 Rb8 8. axb5 axb5 9. Nxe5 Nxe5 10. d4 Bxd4 11. Qxd4 d6 12. f4 Nc6 13. Qc3 Ne7 14. Ra7 c5 15. e5 Nfd5 16. Bxd5 Nxd5 17. Qd2 Qb6 18. Ra3 c4+ 19. Kh1 b4 20. Rg3 Ne7 21. exd6 Nf5 22. Re1+ Be6 23. d7+ Kf8 1/2-1/2

[Event "BRA-ch 87th"]
[Site "Cuiaba"]
[Date "2021.10.31"]
[Round "6"]
[White "Bittencourt, Jorge Humberto M"]
[Black "Marra, Eduardo da Costa"]
[Result "1/2-1/2"]
[WhiteElo "2414"]
[BlackElo "2200"]
[PlyCount "32"]
[EventDate "2021.10.28"]
[EventType "swiss"]
[EventRounds "11"]
[EventCountry "BRA"]
[SourceTitle "CBM 205 Extra"]
[Source "ChessBase"]
[SourceDate "2022.01.31"]
[SourceVersion "1"]
[SourceVersionDate "2022.01.31"]
[SourceQuality "1"]

1. d4 Nf6 2. c4 e6 3. Nf3 d5 4. g3 Bb4+ 5. Nbd2 0-0 6. Bg2 b6 7. 0-0 Bb7 8. a3 Be7 9. cxd5 exd5 10. b4 c6 11. Nb3 Ne4 12. Qc2 Re8 13. Nfd2 Nf6 14. e4 dxe4 15. Nxe4 Nbd7 16. Bb2 Rc8 1/2-1/2

[Event "BRA-ch 87th"]
[Site "Cuiaba"]
[Date "2021.10.31"]
[Round "5"]
[White "Lima, Darcy Gustavo Macha"]
[Black "Bittencourt, Jorge Humberto M"]
[Result "1/2-1/2"]
[WhiteElo "2508"]
[BlackElo "2414"]
[PlyCount "50"]
[EventDate "2021.10.28"]
[EventType "swiss"]
[EventRounds "11"]
[EventCountry "BRA"]
[SourceTitle "CBM 205 Extra"]
[Source "ChessBase"]
[SourceDate "2022.01.31"]
[SourceVersion "1"]
[SourceVersionDate "2022.01.31"]
[SourceQuality "1"]

1. d4 Nf6 2. c4 e6 3. Nf3 d5 4. Nc3 dxc4 5. e3 a6 6. a4 c5 7. Bxc4 Nc6 8. 0-0 Be7 9. Ne5 cxd4 10. Nxc6 bxc6 11. exd4 a5 12. Bf4 0-0 13. Be5 Ba6 14. b3 Qb6 15. Rc1 Rfd8 16. Qf3 Bxc4 17. bxc4 Nd7 18. Bg3 Rdc8 19. Rfd1 Nf6 20. Rb1 Qa6 21. c5 Qc4 22. Be5 Nd7 23. Bg3 Nf6 24. Be5 Nd7 25. Bg3 Nf6 1/2-1/2

[Event "American Continental 15th"]
[Site "Sao Paulo"]
[Date "2019.07.13"]
[Round "11"]
[White "Leitao, Rafael Duailibe"]
[Black "Bittencourt, Jorge Humberto M"]
[Result "1-0"]
[WhiteElo "2616"]
[BlackElo "2433"]
[PlyCount "113"]
[EventDate "2019.07.05"]
[EventType "swiss"]
[EventRounds "11"]
[EventCountry "BRA"]
[SourceTitle "CBM 191 Extra"]
[Source "ChessBase"]
[SourceDate "2019.09.30"]
[SourceVersion "1"]
[SourceVersionDate "2019.09.30"]
[SourceQuality "1"]

1. d4 Nf6 2. c4 e6 3. Nc3 d5 4. cxd5 exd5 5. Bg5 Be7 6. e3 c6 7. Bd3 Nbd7 8. h3 Nf8 9. Bf4 Ng6 10. Bh2 Bd6 11. Bxd6 Qxd6 12. Qc2 Bd7 13. Nf3 Qe7 14. 0-0-0 0-0-0 15. Kb1 Kb8 16. Nd2 Ne8 17. Nb3 Nd6 18. Rhe1 f5 19. f3 Rhe8 20. Ka1 Qg5 21. Qf2 Qh4 22. g3 Qf6 23. Nc5 Ne7 24. h4 Nec8 25. Bc2 Nb6 26. Nd3 Nbc4 27. Re2 Be6 28. b3 Nb6 29. Kb1 Bf7 30. Rg1 Re7 31. g4 fxg4 32. Rxg4 Bh5 33. Rf4 Qe6 34. Qg3 Ka8 35. Qg5 Bg6 36. Nc5 Bxc2+ 37. Kxc2 Qg6+ 38. Qxg6 hxg6 39. Kd3 Nf5 40. Nd1 Rh8 41. Rh2 Nd7 42. Nxd7 Rxd7 43. Nf2 Kb8 44. Ng4 Re7 45. Ne5 Re6 46. Nxg6 Rxg6 47. Rxf5 Rg3 48. Ke2 g5 49. h5 g4 50. Kf2 Rxf3+ 51. Rxf3 gxf3 52. Kxf3 Kc7 53. h6 Kd6 54. h7 Ke6 55. e4 dxe4+ 56. Kxe4 Kf6 57. d5 1-0

[Event "American Continental 15th"]
[Site "Sao Paulo"]
[Date "2019.07.12"]
[Round "10"]
[White "Bittencourt, Jorge Humberto M"]
[Black "Della Morte, German"]
[Result "1/2-1/2"]
[WhiteElo "2433"]
[BlackElo "2359"]
[PlyCount "133"]
[EventDate "2019.07.05"]
[EventType "swiss"]
[EventRounds "11"]
[EventCountry "BRA"]
[SourceTitle "CBM 191 Extra"]
[Source "ChessBase"]
[SourceDate "2019.09.30"]
[SourceVersion "1"]
[SourceVersionDate "2019.09.30"]
[SourceQuality "1"]

1. d4 Nf6 2. c4 g6 3. Nc3 Bg7 4. e4 d6 5. Be2 0-0 6. Be3 e5 7. d5 a5 8. g4 Na6 9. h4 c6 10. h5 cxd5 11. cxd5 Bd7 12. f3 Nc5 13. Nh3 a4 14. Nf2 Qa5 15. Qd2 Rfc8 16. Ncd1 Bb5 17. Qxa5 Rxa5 18. Rc1 Bxe2 19. Kxe2 Nfd7 20. Nd3 Bf6 21. Bd2 Raa8 22. Nxc5 Nxc5 23. Ne3 Bg5 24. Nc4 Bxd2 25. Kxd2 Ra6 26. Rc3 f5 27. gxf5 gxf5 28. Ke3 Kf7 29. Rhc1 Kf6 30. Nxd6 Rxd6 31. Rxc5 Rxc5 32. Rxc5 Rb6 33. Rc2 Rb4 34. Rd2 Ke7 35. Rg2 Kf6 36. Rc2 Rb6 37. Kd3 fxe4+ 38. fxe4 Rb4 39. Rg2 Rd4+ 40. Ke3 Rd1 41. Rf2+ Ke7 42. Rf5 Kd6 43. Rf7 Re1+ 44. Kd3 Rd1+ 45. Ke3 Re1+ 46. Kd3 Rd1+ 47. Ke2 Rh1 48. Rxb7 Rxh5 49. Kd3 Rh3+ 50. Kc4 Rh4 51. Rb6+ Kc7 52. Kc5 Rxe4 53. Rh6 Re2 54. Rxh7+ Kc8 55. Ra7 Rxb2 56. Rxa4 e4 57. Kd6 e3 58. Ra8+ Rb8 59. Ra3 Rb6+ 60. Ke7 Rb7+ 61. Ke6 e2 62. Re3 Kd8 63. d6 Rb2 64. a4 Ra2 65. a5 Rxa5 66. Rxe2 Ra1 67. Re5 1/2-1/2

[Event "American Continental 15th"]
[Site "Sao Paulo"]
[Date "2019.07.09"]
[Round "6"]
[White "Bittencourt, Jorge Humberto M"]
[Black "Araujo, Sergio Murilo"]
[Result "1/2-1/2"]
[WhiteElo "2433"]
[BlackElo "2090"]
[PlyCount "61"]
[EventDate "2019.07.05"]
[EventType "swiss"]
[EventRounds "11"]
[EventCountry "BRA"]
[SourceTitle "CBM 191 Extra"]
[Source "ChessBase"]
[SourceDate "2019.09.30"]
[SourceVersion "1"]
[SourceVersionDate "2019.09.30"]
[SourceQuality "1"]

1. e4 d6 2. d4 Nf6 3. Nc3 g6 4. Be3 Bg7 5. Qd2 0-0 6. 0-0-0 c6 7. Bh6 Qc7 8. h4 e5 9. Bxg7 Kxg7 10. h5 b5 11. hxg6 fxg6 12. f3 a6 13. Kb1 Qe7 14. g4 Re8 15. Nge2 Nbd7 16. Ng3 Nf8 17. d5 c5 18. b3 Ra7 19. Kb2 Ng8 20. a4 b4 21. Nb1 Qf6 22. Qg2 Kh8 23. Nd2 Rf7 24. Be2 Qd8 25. Ngf1 Nd7 26. g5 Ref8 27. Ne3 Qc7 28. Qg3 Qd8 29. Bf1 Nb6 30. a5 Na8 31. Nec4 1/2-1/2

[Event "American Continental 15th"]
[Site "Sao Paulo"]
[Date "2019.07.05"]
[Round "1"]
[White "Montero Martinez, Cristian"]
[Black "Bittencourt, Jorge Humberto M"]
[Result "0-1"]
[WhiteElo "1991"]
[BlackElo "2433"]
[PlyCount "92"]
[EventDate "2019.07.05"]
[EventType "swiss"]
[EventRounds "11"]
[EventCountry "BRA"]
[SourceTitle "CBM 191 Extra"]
[Source "ChessBase"]
[SourceDate "2019.09.30"]
[SourceVersion "1"]
[SourceVersionDate "2019.09.30"]
[SourceQuality "1"]

1. e4 e5 2. Nf3 Nc6 3. Bb5 a6 4. Ba4 Nf6 5. d3 d6 6. c3 g6 7. h3 Bg7 8. Bg5 h6 9. Be3 0-0 10. Qd2 Kh7 11. g4 Ng8 12. d4 exd4 13. Nxd4 Ne5 14. Qe2 b5 15. Bc2 c5 16. Nf3 Nc4 17. Bc1 Bb7 18. Nbd2 Nxd2 19. Bxd2 Re8 20. 0-0-0 Nf6 21. e5 Nd7 22. Rhe1 Nxe5 23. Nxe5 Rxe5 24. Be3 Qf6 25. f4 Re7 26. g5 hxg5 27. fxg5 Qf3 28. Qxf3 Bxf3 29. Rxd6 Rae8 30. Kd2 Be5 31. Rxa6 Bf4 32. Bxf4 Rxe1 33. c4 b4 34. Bd3 Rd1+ 35. Kc2 Rd8 36. Rd6 Rxd6 37. Bxd6 Be2 38. Bxe2 Rxd6 39. Bf3 Re6 40. Kd3 Ra6 41. Ke4 Rxa2 42. Kd5 Rxb2 43. Kxc5 Kg7 44. Kb5 Rf2 45. Be4 Re2 46. Bd3 Re3 0-1

[Event "Concordia op 4th"]
[Site "Concordia"]
[Date "2018.07.01"]
[Round "5"]
[White "Di Berardino, Diego Rafael"]
[Black "Bittencourt, Jorge Humberto M"]
[Result "1/2-1/2"]
[WhiteElo "2525"]
[BlackElo "2427"]
[PlyCount "61"]
[EventDate "2018.06.29"]
[EventType "swiss"]
[EventRounds "6"]
[EventCountry "BRA"]
[SourceTitle "EXT 2019"]
[Source "ChessBase"]
[SourceDate "2018.10.10"]
[SourceVersion "1"]
[SourceVersionDate "2018.10.10"]
[SourceQuality "1"]

1. e4 c5 2. Nf3 d6 3. d4 cxd4 4. Nxd4 Nf6 5. Nc3 a6 6. a3 e6 7. f4 b5 8. g4 Nfd7 9. Be3 Bb7 10. Bg2 Nc6 11. Qe2 Qh4+ 12. Kd2 Nxd4 13. Bxd4 e5 14. Bf2 Qd8 15. f5 Be7 16. h4 Rc8 17. Rh3 Qa5 18. Rd1 b4 19. axb4 Qxb4 20. Kc1 0-0 21. g5 Nc5 22. Rg3 f6 23. Kb1 Na4 24. Nxa4 Qxa4 25. b3 Qc6 26. Qd2 Bd8 27. Rg1 Ba5 28. Qc1 fxg5 29. hxg5 Bb6 30. Bxb6 Qxb6 31. Rh1 1/2-1/2

[Event "Concordia op 4th"]
[Site "Concordia"]
[Date "2018.06.29"]
[Round "2"]
[White "Bittencourt, Jorge Humberto M"]
[Black "Felix, Raimundo Nascimento"]
[Result "1-0"]
[WhiteElo "2427"]
[BlackElo "1874"]
[PlyCount "119"]
[EventDate "2018.06.29"]
[EventType "swiss"]
[EventRounds "6"]
[EventCountry "BRA"]
[SourceTitle "EXT 2019"]
[Source "ChessBase"]
[SourceDate "2018.10.10"]
[SourceVersion "1"]
[SourceVersionDate "2018.10.10"]
[SourceQuality "1"]

1. d4 Nf6 2. c4 e6 3. g3 d5 4. Nf3 Nbd7 5. Bg2 Ne4 6. 0-0 Be7 7. Qb3 c6 8. Nc3 Ndf6 9. Nd2 Nxc3 10. bxc3 0-0 11. a4 Qa5 12. Ba3 Bxa3 13. Qxa3 Rd8 14. e3 Bd7 15. Rfb1 Rab8 16. Bf1 Be8 17. Nb3 Qc7 18. a5 Ne4 19. Qc1 c5 20. cxd5 exd5 21. Bg2 c4 22. Nd2 Nxd2 23. Qxd2 Bc6 24. Qa2 b5 25. axb6 Rxb6 26. e4 Qb7 27. exd5 Bxd5 28. Bxd5 Qxd5 29. Qxa7 Rf6 30. Rb8 Rfd6 31. Rxd8+ Rxd8 32. Qc7 Re8 33. Qc5 Qxc5 34. dxc5 Kf8 35. Ra4 Ke7 36. Rxc4 Kd7 37. c6+ Kc7 38. Kg2 Re6 39. Kf3 f5 40. h4 g6 41. Kf4 Re2 42. f3 Re6 43. h5 Re7 44. Ra4 Kb6 45. Kg5 Re6 46. Rc4 Kc7 47. hxg6 hxg6 48. g4 fxg4 49. fxg4 Rd6 50. Kh6 Re6 51. g5 Rd6 52. Kh7 Kc8 53. c7 Re6 54. Kg7 Ra6 55. Rf4 Rc6 56. Rf6 Rxc7+ 57. Kxg6 Rxc3 58. Kf7 Kd8 59. g6 Rc7+ 60. Kf8 1-0

[Event "Florianopolis op 4th"]
[Site "Florianopolis"]
[Date "2018.01.24"]
[Round "8"]
[White "Bittencourt, Jorge Humberto M"]
[Black "Bachmann, Axel"]
[Result "1/2-1/2"]
[WhiteElo "2431"]
[BlackElo "2624"]
[PlyCount "39"]
[EventDate "2018.01.19"]
[EventType "swiss"]
[EventRounds "10"]
[EventCountry "BRA"]
[SourceTitle "CBM 182 Extra"]
[Source "ChessBase"]
[SourceDate "2018.02.23"]
[SourceVersion "1"]
[SourceVersionDate "2018.02.23"]
[SourceQuality "1"]

1. d4 Nf6 2. c4 e6 3. g3 Bb4+ 4. Bd2 a5 5. Bg2 d5 6. Nf3 0-0 7. Qc2 c5 8. dxc5 d4 9. Bxb4 axb4 10. 0-0 Nc6 11. Nbd2 Qe7 12. Ng5 Qxc5 13. Nde4 Nxe4 14. Nxe4 Qe7 15. c5 e5 16. Nd6 Be6 17. a3 b3 18. Qd2 Ra4 19. e3 Raa8 20. e4 1/2-1/2

[Event "Florianopolis op 4th"]
[Site "Florianopolis"]
[Date "2018.01.21"]
[Round "4"]
[White "Moraes Silva, Carlos Alessandro"]
[Black "Bittencourt, Jorge Humberto M"]
[Result "1/2-1/2"]
[WhiteElo "1896"]
[BlackElo "2431"]
[PlyCount "64"]
[EventDate "2018.01.19"]
[EventType "swiss"]
[EventRounds "10"]
[EventCountry "BRA"]
[SourceTitle "EXT 2019"]
[Source "ChessBase"]
[SourceDate "2018.10.10"]
[SourceVersion "1"]
[SourceVersionDate "2018.10.10"]
[SourceQuality "1"]

1. d4 Nf6 2. c4 e6 3. Nf3 Bb4+ 4. Bd2 a5 5. a3 Bxd2+ 6. Nfxd2 d6 7. g3 e5 8. dxe5 dxe5 9. Bg2 0-0 10. 0-0 c6 11. Qc2 Qe7 12. Nc3 Be6 13. Rad1 Nbd7 14. Nce4 Nxe4 15. Nxe4 Nc5 16. Qc3 Nxe4 17. Bxe4 Qc5 18. Bb1 g6 19. h4 Rfd8 20. Bd3 Qd4 21. Qc2 e4 22. Bxe4 Qxc4 23. Rfe1 f5 24. Bd3 Qxc2 25. Bxc2 Kf7 26. f3 Kf6 27. Kf2 Rac8 28. Rxd8 Rxd8 29. Rd1 Rxd1 30. Bxd1 c5 31. Ke3 h6 32. f4 Bd5 1/2-1/2

[Event "Vitoria Cup"]
[Site "Vitoria"]
[Date "2013.05.31"]
[Round "4"]
[White "Bittencourt, Jorge Humberto M"]
[Black "Rezende, Guilherme Vilela"]
[Result "1-0"]
[WhiteElo "2437"]
[BlackElo "2003"]
[PlyCount "51"]
[EventDate "2013.05.30"]
[EventType "swiss"]
[EventRounds "7"]
[EventCountry "BRA"]
[SourceTitle "CBM 154 Extra"]
[Source "ChessBase"]
[SourceDate "2013.06.25"]
[SourceVersion "2"]
[SourceVersionDate "2013.06.25"]
[SourceQuality "1"]

1. d4 Nf6 2. c4 e6 3. Nc3 Bb4 4. Qc2 c5 5. dxc5 Nc6 6. Nf3 Bxc5 7. Bf4 0-0 8. Rd1 Qe7 9. a3 a5 10. e3 h6 11. Be2 d6 12. 0-0 Nh5 13. Bg3 Nxg3 14. hxg3 Rd8 15. Rd2 b6 16. Rb1 Bb7 17. Ne1 d5 18. cxd5 exd5 19. Nxd5 Rxd5 20. Rxd5 Bxe3 21. fxe3 Qxe3+ 22. Kh2 Nd4 23. Rxd4 Qxd4 24. Rd1 Qf2 25. Bf3 Qxc2 26. Nxc2 1-0

[Event "Goiania op"]
[Site "Goiania"]
[Date "2011.09.16"]
[Round "2"]
[White "Bittencourt, Jorge Humberto M"]
[Black "Almeida, Douglas de Castro"]
[Result "1-0"]
[WhiteElo "2437"]
[BlackElo "1795"]
[PlyCount "55"]
[EventDate "2011.09.16"]
[EventType "swiss"]
[EventRounds "6"]
[EventCountry "BRA"]
[SourceTitle "EXT 2014"]
[Source "ChessBase"]
[SourceDate "2013.11.20"]
[SourceVersion "1"]
[SourceVersionDate "2013.11.20"]
[SourceQuality "1"]

1. e4 c5 2. Nf3 Nc6 3. d4 cxd4 4. Nxd4 a6 5. c4 Qc7 6. Nc3 e6 7. Be3 Nf6 8. Rc1 Qd8 9. a3 Be7 10. Be2 0-0 11. 0-0 d6 12. f3 Ne5 13. Kh1 Qc7 14. Na4 Ned7 15. b4 b6 16. Qd2 Bb7 17. Rc2 Rac8 18. Rfc1 Qd8 19. Nb3 Qe8 20. Nxb6 Nxb6 21. Bxb6 Nxe4 22. fxe4 Bxe4 23. Bd3 Bc6 24. Na5 Bd7 25. Rb1 e5 26. Qe2 f5 27. c5 f4 28. Qe4 1-0

[Event "Espirito Santo-ch"]
[Site "Vitoria"]
[Date "2010.10.12"]
[Round "6.1"]
[White "Lacerda, Cesar Romeu"]
[Black "Bittencourt, Jorge Humberto M"]
[Result "0-1"]
[WhiteElo "2037"]
[BlackElo "2440"]
[PlyCount "42"]
[EventDate "2010.10.08"]
[EventType "swiss"]
[EventRounds "7"]
[EventCountry "BRA"]
[SourceTitle "EXT 2022"]
[Source "ChessBase"]
[SourceDate "2021.10.06"]
[SourceVersion "1"]
[SourceVersionDate "2021.10.06"]
[SourceQuality "1"]

1. e4 c5 2. Nf3 d6 3. d4 cxd4 4. Nxd4 Nf6 5. Nc3 a6 6. f4 e5 7. Nf3 Nbd7 8. Bd3 Be7 9. a4 0-0 10. 0-0 Nc5 11. Kh1 exf4 12. Bxf4 Bg4 13. Qe1 Rc8 14. e5 Nxd3 15. cxd3 dxe5 16. Nxe5 Be6 17. Rd1 Re8 18. Qf2 Nd5 19. Nxf7 Bxf7 20. Bc7 Nxc7 21. Qxf7+ Kh8 0-1

[Event "Espirito Santo-ch"]
[Site "Vitoria"]
[Date "2010.10.10"]
[Round "3.1"]
[White "Bittencourt, Jorge Humberto M"]
[Black "Cantarino Neto, Mario Ribeiro"]
[Result "1-0"]
[WhiteElo "2440"]
[BlackElo "2126"]
[PlyCount "75"]
[EventDate "2010.10.08"]
[EventType "swiss"]
[EventRounds "7"]
[EventCountry "BRA"]
[SourceTitle "EXT 2022"]
[Source "ChessBase"]
[SourceDate "2021.10.06"]
[SourceVersion "1"]
[SourceVersionDate "2021.10.06"]
[SourceQuality "1"]

1. d4 Nf6 2. c4 e6 3. Nc3 d5 4. Nf3 Be7 5. Bf4 c6 6. e3 0-0 7. a3 Nbd7 8. Rc1 a6 9. c5 Nh5 10. Bd3 Nxf4 11. exf4 Nf6 12. 0-0 Qc7 13. g3 Bd7 14. Re1 Rae8 15. Qc2 g6 16. b4 Nh5 17. a4 Ng7 18. b5 axb5 19. axb5 Nf5 20. b6 Qd8 21. Ne2 Bf6 22. Ra1 Bg7 23. Ra7 Bc8 24. Qc3 Kh8 25. Nc1 f6 26. Nb3 Rf7 27. Na5 Rfe7 28. Qb2 e5 29. fxe5 fxe5 30. Bxf5 gxf5 31. Nxe5 f4 32. Naxc6 bxc6 33. b7 Bxb7 34. Rxb7 fxg3 35. hxg3 Rxb7 36. Qxb7 Qc8 37. Qxc8 Rxc8 38. Nxc6 1-0

[Event "BRA-ch 76th"]
[Site "Americana"]
[Date "2009.12.05"]
[Round "5"]
[White "Bittencourt, Jorge Humberto M"]
[Black "Leitao, Rafael Duailibe"]
[Result "1/2-1/2"]
[WhiteElo "2454"]
[BlackElo "2621"]
[PlyCount "71"]
[EventDate "2009.12.02"]
[EventType "tourn"]
[EventRounds "11"]
[EventCountry "BRA"]
[EventCategory "9"]
[SourceTitle "CBM 133 Extra"]
[Source "ChessBase"]
[SourceDate "2010.01.05"]
[SourceVersion "1"]
[SourceVersionDate "2010.01.05"]
[SourceQuality "1"]

1. e4 c5 2. Nf3 e6 3. d4 cxd4 4. Nxd4 Nc6 5. Nc3 a6 6. g3 d6 7. Bg2 Bd7 8. 0-0 Nf6 9. a4 Be7 10. Nxc6 Bxc6 11. a5 0-0 12. Be3 Nd7 13. Na4 f5 14. Nb6 Nxb6 15. Bxb6 Qd7 16. Qe2 fxe4 17. Bxe4 Bxe4 18. Qxe4 Bf6 19. c3 d5 20. Rad1 Qc6 21. Qe2 Bd8 22. Bxd8 Raxd8 23. Rd3 Rfe8 24. Re3 Qb5 25. Re1 Qxe2 26. R1xe2 Kf7 27. f4 g6 28. g4 d4 29. cxd4 Rxd4 30. Re4 Rd5 31. b4 h5 32. h3 Rb5 33. Kf2 hxg4 34. hxg4 b6 35. axb6 Rxb6 36. f5 1/2-1/2

[Event "BRA-ch 76th"]
[Site "Americana"]
[Date "2009.12.05"]
[Round "4"]
[White "Diamant, Andre"]
[Black "Bittencourt, Jorge Humberto M"]
[Result "1-0"]
[WhiteElo "2493"]
[BlackElo "2454"]
[PlyCount "102"]
[EventDate "2009.12.02"]
[EventType "tourn"]
[EventRounds "11"]
[EventCountry "BRA"]
[EventCategory "9"]
[SourceTitle "CBM 133 Extra"]
[Source "ChessBase"]
[SourceDate "2010.01.05"]
[SourceVersion "1"]
[SourceVersionDate "2010.01.05"]
[SourceQuality "1"]

1. d4 Nf6 2. c4 e6 3. Nf3 b6 4. g3 Bb7 5. Bg2 Bb4+ 6. Bd2 a5 7. 0-0 0-0 8. Nc3 d6 9. Rc1 Nbd7 10. Re1 h6 11. d5 e5 12. Nh4 Nc5 13. Qc2 Bc8 14. a3 Bxc3 15. Bxc3 a4 16. e4 Kh8 17. Rcd1 Ng8 18. f4 exf4 19. e5 fxg3 20. hxg3 Qg5 21. e6 Ne7 22. Qf2 f5 23. Rd4 Ba6 24. Nf3 Qg6 25. Nh4 Qg5 26. Rf1 Kg8 27. Nf3 Qg6 28. Nd2 b5 29. Qe2 bxc4 30. g4 f4 31. Rdxf4 Rxf4 32. Rxf4 Rf8 33. Rxf8+ Kxf8 34. Ne4 Nd3 35. Ng3 Kg8 36. Nf5 Nxf5 37. gxf5 Nf4 38. fxg6 Nxe2+ 39. Kf2 Nf4 40. Bd4 Kf8 41. Ke3 Nh5 42. Bf3 Nf6 43. Bxf6 gxf6 44. Bh5 Kg7 45. e7 Bb5 46. Kd4 f5 47. Ke3 Be8 48. Kd4 Bb5 49. Kc3 f4 50. Kb4 Be8 51. Kxc4 f3 1-0

[Event "BRA-ch 76th"]
[Site "Americana"]
[Date "2009.12.02"]
[Round "1"]
[White "Bittencourt, Jorge Humberto M"]
[Black "Vescovi, Giovanni P"]
[Result "0-1"]
[WhiteElo "2454"]
[BlackElo "2648"]
[PlyCount "64"]
[EventDate "2009.12.02"]
[EventType "tourn"]
[EventRounds "11"]
[EventCountry "BRA"]
[EventCategory "9"]
[SourceTitle "CBM 133 Extra"]
[Source "ChessBase"]
[SourceDate "2010.01.05"]
[SourceVersion "1"]
[SourceVersionDate "2010.01.05"]
[SourceQuality "1"]

1. e4 c5 2. Nf3 e6 3. d4 cxd4 4. Nxd4 a6 5. Bd3 Bc5 6. Nb3 Ba7 7. Nc3 Ne7 8. Qh5 Nbc6 9. Bg5 Qc7 10. f4 Nb4 11. 0-0-0 Ng6 12. f5 Nf4 13. Bxf4 Qxf4+ 14. Kb1 0-0 15. Rhf1 Qe5 16. Nd2 Nxd3 17. cxd3 d6 18. Nf3 Qa5 19. g4 Bd7 20. Qh4 Rac8 21. f6 Rxc3 22. fxg7 Kxg7 23. bxc3 Qxc3 24. Qg5+ Kh8 25. d4 Qb4+ 26. Ka1 Qc3+ 27. Kb1 Rc8 28. Qf6+ Kg8 29. Ng5 Qb4+ 30. Ka1 Qc3+ 31. Kb1 Qb4+ 32. Ka1 Rc1+ 0-1

[Event "Estadual-ch"]
[Site "Vitoria"]
[Date "2009.11.28"]
[Round "1.1"]
[White "Osorio, Jose Eustaquio Hate"]
[Black "Bittencourt, Jorge Humberto M"]
[Result "0-1"]
[WhiteElo "1973"]
[BlackElo "2454"]
[PlyCount "102"]
[EventDate "2009.11.20"]
[EventType "swiss"]
[EventRounds "7"]
[EventCountry "BRA"]
[SourceTitle "EXT 2022"]
[Source "ChessBase"]
[SourceDate "2021.10.06"]
[SourceVersion "1"]
[SourceVersionDate "2021.10.06"]
[SourceQuality "1"]

1. d4 Nf6 2. Nf3 g6 3. c4 Bg7 4. Nc3 d5 5. e3 0-0 6. Be2 c5 7. 0-0 dxc4 8. Bxc4 Nbd7 9. Re1 a6 10. a4 cxd4 11. exd4 Nb6 12. Bb3 Bg4 13. a5 Nbd5 14. h3 Be6 15. Bd2 Nc7 16. Ne4 Nd7 17. Bb4 Bxb3 18. Qxb3 Re8 19. Rac1 e6 20. Nc5 Nxc5 21. Bxc5 Nb5 22. Bb6 Qd6 23. Qe3 Rac8 24. Bc5 Qd5 25. b4 Qh5 26. Kf1 Bh6 27. Qe4 Bxc1 28. Rxc1 Qd5 29. Qe3 f6 30. Nh2 Kg7 31. Ng4 g5 32. Ne5 Rc7 33. Nf3 Nd6 34. g4 Rcc8 35. Re1 Nf7 36. Kg1 e5 37. Qe4 Qxe4 38. Rxe4 exd4 39. Rxe8 Rxe8 40. Nxd4 Nh6 41. Kg2 f5 42. gxf5 Kf6 43. b5 axb5 44. Nxb5 Nxf5 45. Bb6 Ke5 46. Kf3 h5 47. Bc7+ Kd5 48. Bb6 Re1 49. Nc7+ Kc6 50. Na8 Nh4+ 51. Kg3 Rg1+ 0-1